| 000 | 00689nam a2200205 4500 | ||
|---|---|---|---|
| 001 | 143410 | ||
| 003 | ES-MaACL | ||
| 005 | 20230906200813.0 | ||
| 007 | t| | ||
| 008 | 070214s1921 fr r ||||1| fre d | ||
| 100 | 1 |
_aSéneca, Lucio Anneo. _9105451 |
|
| 245 | 1 | 0 |
_aDe la clémence / _cLucio Anneo Séneca ; texte établi et traduit par François Prechae. |
| 260 |
_aParis : _bSociété d'edition `Les Belles Lettres`, _c1921. |
||
| 300 |
_aCXXVI, 47 h.1 lám. ; _c20 cm. |
||
| 490 | 1 | _aCollection des universités de France | |
| 700 | 1 |
_aPréchac, François. _9141191 |
|
| 830 | 0 |
_aCollection des universités de France _9180876 |
|
| 852 |
_aES-MaACL _jC-7867 |
||
| 999 |
_c143410 _d143410 |
||